000
00318 a2200157 4500
001
167329
020
_a
040
_c
Magnum
100
_a
Portinari, Maribel
240
1
0
_a
Historia da danca
_l
por
245
1
0
_a
Historia da danca
362
0
_a
1899
440
1
_a
Nova Fronteira
697
_a
ARTES
942
_c
BK
999
_c
167329
_d
167329